La enferma de corazón embarazada (Record no. 57974)

MARC details
000 -LEADER
campo de control de longitud fija 00643nam a2200193 i 4500
001 - NÚMERO DE CONTROL
campo de control 57974
003 - IDENTIFICADOR DE NÚMERO DE CONTROL
campo de control ES-MaACL
005 - FECHA Y HORA DE LA ÚLTIMA TRANSACCIÓN
campo de control 20231227200019.0
007 - CAMPO FIJO DE DESCRIPCIÓN FÍSICA--INFORMACIÓN GENERAL
campo de control de longitud fija t|
008 - DATOS DE LONGITUD FIJA--INFORMACIÓN GENERAL
campo de control de longitud fija 031020s1947 sp ||||1| spa d
100 1# - ENTRADA PRINCIPAL--NOMBRE DE PERSONA
Nombre de persona Duclós, Francisco.
9 (RLIN) 45842
245 13 - MENCIÓN DEL TÍTULO
Título La enferma de corazón embarazada
Resto del título : estudio clínico /
Mención de responsabilidad, etc. Francisco Duclós ; prólogo de C. Jiménez Díaz.
250 ## - MENCION DE EDICION
Mención de edición [1ª ed.].
260 ## - PUBLICACIÓN, DISTRIBUCIÓN, ETC.
Lugar de publicación, distribución, etc. Madrid :
Nombre del editor, distribuidor, etc. Afrodisio Aguado,
Fecha de publicación, distribución, etc. [1947] (
Lugar de fabricación/manufactura Sevilla :
Fabricante Imprenta Provincial)
300 ## - DESCRIPCIÓN FÍSICA
Extensión 156 p. ;
Dimensiones 22 cm.
700 1# - ENTRADA AGREGADA--NOMBRE PERSONAL
Nombre de persona Jiménez Díaz, Carlos,
Fechas asociadas al nombre 1898-1967
9 (RLIN) 66515
852 ## - LOCALIZACIÓN
Ubicación ES-MaACL
Número de control de estantería C-5357
Sublocalización o colección R.25430
Holdings
Estatus retirado Estado de pérdida Estado de daño No para préstamo Biblioteca de origen Biblioteca actual Ubicación en estantería Fecha de adquisición Fuente de adquisición Total de préstamos Signatura topográfica completa Código de barras Visto por última vez Precio de reemplazo Tipo de ítem Koha
        Biblioteca del Ateneo de Madrid Biblioteca del Ateneo de Madrid Sala Palomar 17/01/2008     C-5357 1060846 23/02/2023 23/02/2023 Libro impreso